Estadísticas para Los fichajes más caros del fútbol - Temporada 2021-2022

Haz click aquí para intentar la prueba.

Estadísticas generales

  • Esta prueba ha sido intentada 44 veces
  • La puntuación promedio es 8 de 10

Estadísticas de respuestas

Coste (M €)NacionalidadÚltimo clubNuevo clubJugador% Correcto
117,50InglaterraAston VillaManchester CityJack Grealish
100%
85,00InglaterraBorussia DortmundManchester UnitedJadon Sancho
97%
47,00ColombiaOportoLiverpoolLuis Díaz
95%
113,00BélgicaInterChelseaRomelu Lukaku
95%
68,00MarruecosInterPSGAchraf Hakimi
92%
83,50SerbiaFiorentinaJuventusDušan Vlahović
89%
42,50FranciaRB LeipzigBayern MúnichDayot Upamecano
84%
42,10BrasilLyonNewcastleBruno Guimarães
71%
55,00InglaterraManchester CityFC BarcelonaFerran Torres
66%
56,50InglaterraBrightonArsenalBen White
58%

Distribución de puntuación

Porcentaje por número respondido

Porcentaje de gente con cada puntuación

Historial de tus puntuaciones

No has intentado esta prueba.